000 00259nam a2200097Ia 4500
008 220120s9999||||xx |||||||||||||| ||und||
100 _aSinha, K.C
_911398
245 0 _aText book of dynamics
260 _akiran Kishor Prakasana
_bNew Delhi
300 _a774p.
_b235
999 _c136315
_d136315